000 00476 a2200133 4500
245 _aConflict in Central America
_b : approaches to peace and security
_hprint
020 _a0312162308 :
650 _aAMERICAN HISTORY
005 20191021095713.0
260 _anyu
_bPublished for the International Peace Academy by St. Martin's Press
_c1986
084 _aF1439.5 .C65 1986
300 _axiv, 208 p. : map
_b 23 cm.
_cxiv, 208 p. : map ; 23 cm.
500 _aedited by Jack Child.
999 _c12571
_d12571